| 000 -LEADER |
| fixed length control field |
00343cam a22001097a 4500 |
| 008 - FIXED-LENGTH DATA ELEMENTS--GENERAL INFORMATION |
| fixed length control field |
180718b1983 xxu||||| |||| 00| 0 eng d |
| 082 ## - DEWEY DECIMAL CLASSIFICATION NUMBER |
| Classification number |
G2x5453 P886 |
| 245 ## - TITLE STATEMENT |
| Title |
Twenty five years of Kerala legislature |
| Statement of responsibility, etc. |
edited by R. Prasannan |
| 260 ## - PUBLICATION, DISTRIBUTION, ETC. |
| Place of publication, distribution, etc. |
Trivandrum |
| Name of publisher, distributor, etc. |
Secretariat of the Kerala Legislature |
| Date of publication, distribution, etc. |
1983 |
| 300 ## - PHYSICAL DESCRIPTION |
| Extent |
312+p. |
| 700 ## - ADDED ENTRY--PERSONAL NAME |
| Personal name |
Prasannan, R. |